Sports Quiz

Random Sports or Clickable Quiz

Multi-Category Minefield Blitz: Sports Quiz Stats

 Plays Quiz Updated Dec 29, 2017

Challenge
Share
Tweet
Embed
Score 0/25 Timer 01:00
12 Plays Today
% Correct
???
68.3%
???
67.7%
???
67.5%
???
67.4%
???
66.8%
???
66.8%
???
66.8%
???
66.6%
???
66.6%
???
66.6%
???
66.5%
???
66.4%
???
66.4%
% Correct
???
66.4%
???
66.2%
???
66.1%
???
66.1%
???
66.1%
???
66.1%
???
66%
???
65.6%
???
65.3%
???
65.3%
???
65.2%
???
64.4%

You're not logged in!

Compare scores with friends on all Sporcle quizzes.
OR
Log In

You Might Also Like...

Show Comments

Extras

Top Quizzes Today


Score Distribution

Your Account Isn't Verified!

In order to create a playlist on Sporcle, you need to verify the email address you used during registration. Go to your Sporcle Settings to finish the process.

Report this User

Report this user for behavior that violates our Community Guidelines.

Details: